000 00371nam a2200169Ia 4500
001 28380
003 IN-NITTTR
005 20251114233351.0
008 251113s9999||||xx |||||||||||||| ||eng||
040 _beng
040 _cIN-NITTTR
041 _aeng
082 _a823 G1H
100 _aGhosh, Amitav
245 4 _aThe hungry tide /
_cGhosh, Amitav
942 _2ddc
_cBK
999 _c31008
_d31008